The University of the future / (Record no. 28429)

MARC details
000 -LEADER
fixed length control field 01327cam a22003855i 4500
001 - CONTROL NUMBER
control field 21442397
003 - CONTROL NUMBER IDENTIFIER
control field EG-ScBUE
005 - DATE AND TIME OF LATEST TRANSACTION
control field 20200812110053.0
008 - FIXED-LENGTH DATA ELEMENTS--GENERAL INFORMATION
fixed length control field 200128s2019 enkab f b 001 0 eng d
020 ## - INTERNATIONAL STANDARD BOOK NUMBER
International Standard Book Number 9781912764518
020 ## - INTERNATIONAL STANDARD BOOK NUMBER
International Standard Book Number 1912764512
035 ## - SYSTEM CONTROL NUMBER
System control number (OCoLC)on1131778147
040 ## - CATALOGING SOURCE
Original cataloging agency YDX
Language of cataloging eng
Description conventions rda
Transcribing agency YDX
Modifying agency YDXIT
-- OCLCF
-- UAB
-- DLC
-- EG-ScBUE
082 04 - DEWEY DECIMAL CLASSIFICATION NUMBER
Classification number 378
Item number UNI
Edition number 22
245 04 - TITLE STATEMENT
Title The University of the future /
Statement of responsibility, etc editors, Dan Remenyi, Kenneth A. Grant, Shawren Singh.
250 ## - EDITION STATEMENT
Edition statement First edition.
264 #1 - PUBLICATION, DISTRIBUTION, ETC. (IMPRINT)
Place of publication, distribution, etc Reading, UK :
Name of publisher, distributor, etc ACPIL,
Date of publication, distribution, etc [2019]
264 #4 - PUBLICATION, DISTRIBUTION, ETC. (IMPRINT)
Date of publication, distribution, etc c2019
300 ## - PHYSICAL DESCRIPTION
Extent xv, 261 pages :
Other physical details illustrations (some color), maps ;
Dimensions 24 cm
336 ## - CONTENT TYPE
Content type term text
Content type code txt
Source rdacontent
336 ## - CONTENT TYPE
Content type term still image
Content type code sti
Source rdacontent
337 ## - MEDIA TYPE
Media type term unmediated
Media type code n
Source rdamedia
338 ## - CARRIER TYPE
Carrier type term volume
Carrier type code nc
Source rdacarrier
504 ## - BIBLIOGRAPHY, ETC. NOTE
Bibliography, etc Includes bibliographical references and index.
650 #7 - SUBJECT ADDED ENTRY--TOPICAL TERM
Topical term or geographic name as entry element History
General subdivision Study and teaching.
Source of heading or term BUEsh
650 #7 - SUBJECT ADDED ENTRY--TOPICAL TERM
Topical term or geographic name as entry element Adult education.
Source of heading or term BUEsh
650 #7 - SUBJECT ADDED ENTRY--TOPICAL TERM
Topical term or geographic name as entry element University extension.
Source of heading or term BUEsh
653 ## - INDEX TERM--UNCONTROLLED
Resource For college Generalities
Arrived date list July2020
655 ## - INDEX TERM--GENRE/FORM
Form subdivision Reading book
9 (RLIN) 34232
700 1# - ADDED ENTRY--PERSONAL NAME
Personal name Remenyi, Dan,
Dates associated with a name 1944-
Relator term editor.
700 1# - ADDED ENTRY--PERSONAL NAME
Personal name Grant, Ken,
Titles and other words associated with a name Professor,
Relator term editor.
700 1# - ADDED ENTRY--PERSONAL NAME
Personal name Singh, Shawren,
Relator term editor.
942 ## - ADDED ENTRY ELEMENTS (KOHA)
Source of classification or shelving scheme Dewey Decimal Classification
Koha item type Book - Borrowing
Holdings
Withdrawn status Lost status Source of classification or shelving scheme Damaged status Not for loan Collection code Home library Current library Shelving location Date acquired Source of acquisition Total Checkouts Full call number Barcode Date last seen Price effective from Koha item type
    Dewey Decimal Classification     Baccah Central Library Central Library First floor 05/07/2020 Purchase   378 UNI 000049223 15/07/2025 05/07/2020 Book - Borrowing